[Event "FIDE World Rapid Team"]
[Site "Almaty KAZ"]
[Date "2024.08.03"]
[Round "7.10"]
[White "Iunusov, Nuriddin"]
[Black "Primbetov, Kazbek"]
[Result "1/2-1/2"]
[WhiteTitle "CM"]
[BlackTitle "FM"]
[WhiteElo "1925"]
[BlackElo "2059"]
[WhiteTeam "Noval Group Kyrgystan"]
[BlackTeam "Helicopter"]
[WhiteFideId "13803026"]
[BlackFideId "13702297"]
[EventDate "2024.08.02"]

1. e4 c5 2. c3 Nf6 3. e5 Nd5 4. d4 cxd4 5. Qxd4 e6 6. Nf3 Nc6 7. Qe4 f5 8. Qe2
Be7 9. g3 a6 10. Bg2 b5 11. Nbd2 O-O 12. O-O a5 13. Nb3 Ba6 14. Nfd4 Nxd4 15.
Nxd4 b4 16. c4 Rc8 17. Nb5 Qb6 18. Rd1 Bxb5 19. cxb5 Rc5 20. Bxd5 exd5 21. Be3
Qxb5 22. Qd2 d4 23. Qxd4 Rxe5 24. Qxd7 Qxd7 25. Rxd7 Rd8 26. Ra7 Bf6 27. Rc1
Red5 28. b3 Bc3 29. Kg2 R8d7 30. Rxd7 Rxd7 31. Kf3 Rd5 32. Ke2 a4 33. Rd1 Ra5
34. Rd8+ Kf7 35. Kd3 axb3 36. axb3 Ra2 37. Kc4 Rc2 38. Kd3 Rb2 39. Kc4 Rc2 40.
Kd3 Ra2 41. Kc4 Rc2 42. Kd3 Ra2 43. Kc4 h6 44. h4 Kg6 45. Rd5 Rc2 1/2-1/2

[Event "FIDE World Rapid Team"]
[Site "Almaty KAZ"]
[Date "2024.08.03"]
[Round "7.11"]
[White "Kovanova, Mariya"]
[Black "Lesbekova, Assel"]
[Result "0-1"]
[WhiteTitle "WFM"]
[BlackTitle "WCM"]
[WhiteElo "2118"]
[BlackElo "1903"]
[WhiteTeam "Helicopter"]
[BlackTeam "Noval Group Kyrgystan"]
[WhiteFideId "13704818"]
[BlackFideId "13713248"]
[EventDate "2024.08.02"]

1. e4 e5 2. Nf3 Nf6 3. Nc3 Nc6 4. Be2 d5 5. exd5 Nxd5 6. O-O a6 7. b3 Nxc3 8.
dxc3 Bd6 9. Ng5 Be7 10. Qxd8+ Nxd8 11. Nf3 f6 12. Be3 Bf5 13. Ne1 g5 14. Bd3 e4
15. Be2 Ne6 16. f3 exf3 17. Bxf3 O-O-O 18. Bxb7+ Kxb7 19. Rxf5 Ng7 20. Rf1 Rhe8
21. Bd4 Nh5 22. Nd3 c5 23. Nxc5+ Bxc5 24. Bxc5 Rd2 25. Rf2 Ree2 26. Rxe2 Rxe2
27. g3 Rxc2 28. Bd4 f5 29. Re1 f4 30. Re7+ Kc6 31. Rxh7 Kd5 32. Rxh5 Ke4 33.
gxf4 gxf4 34. a4 Rd2 35. Rh3 a5 36. Kf1 Rb2 37. Bb6 Rxb3 38. Bxa5 f3 39. Bb4
Rb1+ 40. Kf2 Rb2+ 41. Kf1 Rb1+ 42. Kf2 Rb2+ 43. Ke1 Rb1+ 44. Kf2 Rb2+ 45. Kf1
Rb1+ 46. Kf2 Rb2+ 47. Kg3 Rg2+ 48. Kh4 f2 49. Bc5 f1=Q 50. Re3+ Kd5 51. Bd4 Qf4+ 0-1

[Event "FIDE World Rapid Team"]
[Site "Almaty KAZ"]
[Date "2024.08.03"]
[Round "7.13"]
[White "Tologon tegin, Semetei"]
[Black "Williams, Justus"]
[Result "1/2-1/2"]
[WhiteTitle "IM"]
[BlackTitle "IM"]
[WhiteElo "2337"]
[BlackElo "2361"]
[WhiteTeam "Kyrgyz Chess Academy"]
[BlackTeam "Kazakhstan dream team"]
[WhiteFideId "13800574"]
[BlackFideId "2049929"]
[EventDate "2024.08.02"]

1. d4 d5 2. c4 dxc4 3. e3 e5 4. Bxc4 exd4 5. exd4 Bd6 6. Nf3 Nf6 7. O-O O-O 8.
h3 Nc6 9. Nc3 h6 10. Re1 Bf5 11. a3 a6 12. d5 Ne7 13. Be3 Re8 14. Bd4 Ng6 15.
Rxe8+ Nxe8 16. Qb3 b5 17. Bf1 Nf4 18. Rd1 Nf6 19. Ne5 N6xd5 20. Nxd5 Be6 21. Qg3
Nxd5 22. f4 Qf8 23. Qf3 Bc5 24. Nc6 Bxd4+ 25. Nxd4 Rd8 26. Kh1 c5 27. Nb3 c4 28.
f5 cxb3 29. fxe6 fxe6 30. Qxb3 Nf4 31. Re1 Qf5 32. a4 Rd2 33. axb5 axb5 34. Qc3
Rc2 35. Qd4 Nxh3 36. Qe3 Nf2+ 37. Kg1 Ng4 38. Qd4 Qf6 39. Qb6 Qf2+ 40. Qxf2 Nxf2
41. b4 Ng4 42. Bxb5 Rb2 43. Bc4 Rxb4 44. Bxe6+ Kf8 45. Bxg4 Rxg4 46. Kh2 Rf4 47.
g3 Rf3 48. Kg2 Rc3 49. Re6 Kf7 50. Ra6 Re3 51. Kf2 Re6 52. Ra7+ Kg6 53. Kf3 h5
54. Kg2 Kh6 55. Ra5 Rg6 56. Kh3 Rg5 57. Ra6+ g6 58. Ra7 Rc5 59. Rb7 Rc6 60. Rb5
g5 61. Ra5 Kg6 62. Rb5 Re6 63. Ra5 Re2 64. Ra6+ Kf5 65. Ra5+ Kf6 66. Ra6+ Re6
67. Ra5 Re5 68. Ra6+ Kf5 69. Ra4 Rd5 70. Rb4 Re5 1/2-1/2

[Event "FIDE World Rapid Team"]
[Site "Almaty KAZ"]
[Date "2024.08.03"]
[Round "7.14"]
[White "Ishmukhametov, Adil"]
[Black "Markov, Mikhail KGZ"]
[Result "1-0"]
[BlackTitle "IM"]
[WhiteElo "2077"]
[BlackElo "2255"]
[WhiteTeam "Kazakhstan dream team"]
[BlackTeam "Kyrgyz Chess Academy"]
[WhiteFideId "13700170"]
[BlackFideId "13800698"]
[EventDate "2024.08.02"]

1. e4 c5 2. c4 e6 3. Nc3 Nc6 4. g3 g6 5. Bg2 Bg7 6. Nge2 Nge7 7. O-O O-O 8. Rb1
d6 9. d3 Nd4 10. a3 Nec6 11. b4 f5 12. f4 e5 13. b5 Nxe2+ 14. Nxe2 Ne7 15. Be3
b6 16. Qd2 Bb7 17. Nc3 fxe4 18. dxe4 exf4 19. Bxf4 Qd7 20. Rbd1 Rad8 21. e5 Bxg2
22. Qxg2 Qe6 23. exd6 Bxc3 24. dxe7 Qxe7 25. Rd5 Qe6 26. h4 Rde8 27. h5 Bd4+ 28.
Kh2 Rf7 29. h6 Ref8 30. a4 Kh8 31. Qf3 Qf6 32. Qe4 g5 33. Be5 Bxe5 34. Rxf6 Bxf6
35. Rf5 Kg8 36. Qe6 Be7 37. Kg2 Bd8 38. g4 Be7 39. Kf3 Bd8 40. Ke4 Be7 41. Kd3
Bd8 42. Kc2 Be7 43. Kb3 Bd8 44. Qd5 Be7 45. Ka2 Bd8 46. Rxf7 1-0

[Event "FIDE World Rapid Team"]
[Site "Almaty KAZ"]
[Date "2024.08.03"]
[Round "7.15"]
[White "Zheenbekov, Nurgazy"]
[Black "Beisikenov, Eduard"]
[Result "1-0"]
[WhiteElo "2124"]
[BlackElo "1821"]
[WhiteTeam "Kyrgyz Chess Academy"]
[BlackTeam "Kazakhstan dream team"]
[WhiteFideId "13800485"]
[BlackFideId "13785079"]
[EventDate "2024.08.02"]

1. e4 e5 2. Nf3 Nc6 3. Bb5 f5 4. d3 fxe4 5. dxe4 Nf6 6. O-O d6 7. Nc3 Be7 8. a3
O-O 9. Bc4+ Kh8 10. Ng5 Qe8 11. Ne6 Bxe6 12. Bxe6 Nd4 13. Ba2 Qg6 14. Be3 c5 15.
Nd5 Nxd5 16. Bxd5 Rab8 17. Kh1 Ne6 18. g3 Ng5 19. Bxg5 Qxg5 20. a4 Rf6 21. Qe2
a5 22. Kg2 b6 23. Ra3 Rbf8 24. Rd3 h5 25. h4 Qg6 26. Kh2 Qg4 27. Qxg4 hxg4 28.
Kg2 Rf3 29. Be6 c4 30. Bxc4 Rc8 31. b3 Rf6 32. Rd5 Kh7 33. Rb5 Bd8 34. Rd1 Bc7
35. Rd2 Kh6 36. Rbd5 Rcf8 37. Bb5 g5 38. h5 Kxh5 39. Bd7 Rf3 40. Bf5 Kh6 41.
Bxg4 R3f6 42. Bf5 Kg7 43. Rd1 Rh8 44. Rh1 Rfh6 45. Rxh6 Rxh6 46. Rd3 Kf6 47. Rc3
Bd8 48. Rc8 Ke7 49. Rb8 Bc7 50. Rg8 Kf6 1-0

[Event "FIDE World Rapid Team"]
[Site "Almaty KAZ"]
[Date "2024.08.03"]
[Round "7.16"]
[White "Sakenov, Askar"]
[Black "Zlotnik, Andrey"]
[Result "0-1"]
[WhiteElo "1715"]
[BlackElo "2096"]
[WhiteTeam "Kazakhstan dream team"]
[BlackTeam "Kyrgyz Chess Academy"]
[WhiteFideId "13713655"]
[BlackFideId "54107385"]
[EventDate "2024.08.02"]

1. e4 c6 2. d4 d5 3. e5 Bf5 4. h4 Qb6 5. Bd3 Qxd4 6. Nf3 Qg4 7. Bxf5 Qxf5 8. O-O
e6 9. c4 dxc4 10. Bg5 Na6 11. Qa4 Qg4 12. Rd1 Be7 13. Bxe7 Nxe7 14. Qa3 Nd5 15.
Nc3 Nf4 16. Ne1 Nc7 17. f3 Qxh4 18. Ne4 Ne2+ 19. Kf1 Ng3+ 20. Nxg3 Qxg3 21. Qd6
Nd5 22. Nc2 h5 23. Rd4 Rd8 24. Qc5 Qxe5 25. Re4 Qxb2 26. Qxc4 Qb5 27. a4 Qxc4+
28. Rxc4 Ke7 29. a5 a6 30. Rb1 Rd7 31. Ke2 Rh6 32. Kf2 g5 33. Re1 Nf4 34. Kg1
Rd5 35. Rb4 Rb5 36. Ra4 Rh8 37. Ne3 Rd8 38. Nc4 h4 39. Re3 Rb1+ 40. Kf2 Rdd1 41.
Rc3 Rf1+ 42. Ke3 Nd5+ 43. Kd4 Nxc3 44. Kxc3 Rbc1+ 45. Kd2 Rfd1+ 46. Ke3 Rc3+ 47.
Ke2 Rd4 48. Nb6 Rxa4 49. Nxa4 Ra3 50. Nc5 Ra2+ 51. Kf1 Rb2 52. Nd3 Rb5 53. Ke2
Rxa5 54. Ke3 f5 0-1

[Event "FIDE World Rapid Team"]
[Site "Almaty KAZ"]
[Date "2024.08.03"]
[Round "7.17"]
[White "Samaganova, Aleksandra"]
[Black "Aitmukhanova, Dinara"]
[Result "1-0"]
[WhiteTitle "WFM"]
[WhiteElo "1948"]
[BlackElo "1611"]
[WhiteTeam "Kyrgyz Chess Academy"]
[BlackTeam "Kazakhstan dream team"]
[WhiteFideId "13800221"]
[BlackFideId "13726722"]
[EventDate "2024.08.02"]

1. c4 e6 2. Nc3 Nf6 3. e4 Nc6 4. Nf3 Bc5 5. e5 Ng4 6. Ne4 Bxf2+ 7. Nxf2 Ngxe5 8.
Nxe5 Nxe5 9. d4 Ng6 10. Bd3 Qf6 11. O-O Qxd4 12. Bxg6 Qxd1 13. Bxf7+ Kxf7 14.
Nxd1+ Ke8 15. Bf4 c6 16. Bd6 b6 17. Ne3 h6 18. Rf3 Bb7 19. Raf1 Bc8 1-0

[Event "FIDE World Rapid Team"]
[Site "Almaty KAZ"]
[Date "2024.08.03"]
[Round "7.20"]
[White "Turayev, Shahruh"]
[Black "Ishmukhamedov, Akhmet"]
[Result "1-0"]
[WhiteElo "2097"]
[BlackElo "1978"]
[WhiteTeam "TKM Chess"]
[BlackTeam "Chess Dream"]
[WhiteFideId "14003856"]
[BlackFideId "13701916"]
[EventDate "2024.08.02"]

1. e4 c5 2. Nc3 d6 3. f4 Nc6 4. Nf3 Nf6 5. Bc4 e6 6. e5 dxe5 7. fxe5 Nd5 8. O-O
Be7 9. d3 O-O 10. Qe1 Nxc3 11. bxc3 Na5 12. Bb3 Nxb3 13. axb3 f5 14. exf6 Bxf6
15. Ra4 Qd5 16. Re4 Bd7 17. Bf4 Rae8 18. Be5 Bxe5 19. Nxe5 Rf5 20. g4 Rxf1+ 21.
Qxf1 Rf8 22. Rf4 Rxf4 23. Qxf4 Be8 24. h4 b5 25. h5 b4 26. c4 Qd4+ 27. Qxd4 cxd4
28. Kf2 a5 29. c5 Kf8 30. Kf3 Ke7 31. Ke4 a4 32. bxa4 Bxa4 33. Kxd4 Bxc2 34. g5
b3 35. Kc3 Bd1 36. h6 gxh6 37. gxh6 Ke8 38. d4 Kd8 39. Nc4 Kd7 40. Ne3 Bf3 41.
Kxb3 Kc6 42. Kc3 e5 43. Nc4 exd4+ 44. Kxd4 Bh5 45. Ne5+ Kc7 46. Kd5 Be8 47. Ke6
Ba4 48. Kf6 Bc2 49. Kg7 Be4 50. Ng4 Kc6 51. Nf6 Bd3 52. Nxh7 Kxc5 53. Nf8 Kd6
54. Ng6 Bxg6 55. Kxg6 Ke7 56. h7 Kd6 1-0

[Event "FIDE World Rapid Team"]
[Site "Almaty KAZ"]
[Date "2024.08.03"]
[Round "7.21"]
[White "Lysakov, Anton"]
[Black "Halynyazov, Vepaly"]
[Result "0-1"]
[WhiteElo "1947"]
[BlackElo "2049"]
[WhiteTeam "Chess Dream"]
[BlackTeam "TKM Chess"]
[WhiteFideId "4193750"]
[BlackFideId "14004020"]
[EventDate "2024.08.02"]

1. e4 e6 2. d4 d5 3. Nc3 Bb4 4. e5 Ne7 5. Ne2 c5 6. a3 Bxc3+ 7. Nxc3 cxd4 8. Nb5
O-O 9. Nxd4 Nbc6 10. Nxc6 Nxc6 11. Bf4 f6 12. Qe2 Qb6 13. c3 fxe5 14. Bg3 Bd7
15. Qd2 Na5 16. Qc2 Be8 17. b4 Nc6 18. Be2 Rc8 19. Qd2 d4 20. c4 Bg6 21. O-O d3
22. Bg4 Rfe8 23. Qc3 e4 24. c5 Qd8 25. Rad1 Bf5 26. Bxf5 exf5 27. Bd6 Qf6 28.
Qb3+ Qe6 29. Qc3 Qd5 30. Rfe1 Nd4 31. Kh1 Qxd6 0-1

[Event "FIDE World Rapid Team"]
[Site "Almaty KAZ"]
[Date "2024.08.03"]
[Round "7.22"]
[White "Agajanova, Meryem"]
[Black "Kaipbayev, Aday"]
[Result "1-0"]
[WhiteTitle "WCM"]
[WhiteElo "2007"]
[BlackElo "1711"]
[WhiteTeam "TKM Chess"]
[BlackTeam "Chess Dream"]
[WhiteFideId "14005930"]
[BlackFideId "379104995"]
[EventDate "2024.08.02"]

1. d4 Nf6 2. c4 g6 3. g3 Bg7 4. Bg2 d5 5. cxd5 Nxd5 6. e4 Nb6 7. Ne2 O-O 8. O-O
Nc6 9. Be3 Bg4 10. Nbc3 Bxe2 11. Nxe2 e6 12. Rc1 Rc8 13. Qd2 Re8 14. Rfd1 Qe7
15. Bg5 f6 16. Bh6 Red8 17. h4 Qf8 18. Bxg7 Qxg7 19. Qc3 Qe7 20. Nf4 e5 21. dxe5
Nxe5 22. Qb3+ Kh8 23. Nd5 Nxd5 24. exd5 b6 25. Re1 Qg7 26. Qc3 Nd7 27. Bh3 f5
28. Qa3 Nc5 29. Bg2 a5 30. Re3 Re8 31. Rce1 Qf7 32. Qc3+ Kg8 33. a3 a4 34. Qc4
Kf8 35. Bf3 Rxe3 36. Rxe3 Re8 37. Rxe8+ Qxe8 38. Qd4 Kg8 39. d6 cxd6 40. Bd5+
Kf8 41. Qf6+ 1-0

[Event "FIDE World Rapid Team"]
[Site "Almaty KAZ"]
[Date "2024.08.03"]
[Round "7.23"]
[White "Minnekhanov, Eldar"]
[Black "Ezizov, Muhammet"]
[Result "0-1"]
[WhiteElo "1750"]
[BlackElo "1909"]
[WhiteTeam "Chess Dream"]
[BlackTeam "TKM Chess"]
[WhiteFideId "13705660"]
[BlackFideId "14003759"]
[EventDate "2024.08.02"]

1. e4 e6 2. d3 d5 3. Nd2 c5 4. Ngf3 Nc6 5. g3 Bd6 6. Bg2 Nge7 7. O-O O-O 8. Re1
h6 9. h4 b5 10. c3 Bb7 11. e5 Bc7 12. Nf1 d4 13. h5 Qd7 14. N1h2 dxc3 15. bxc3
Rfd8 16. Bf1 Qd5 17. Bf4 Ba5 18. Qc1 Nf5 19. g4 Nfe7 20. Bxh6 Kf8 21. Bxg7+ Kxg7
22. Qg5+ Kf8 23. Qh6+ Ke8 24. c4 bxc4 25. dxc4 Bd2 26. g5 Qd7 27. Ng4 Ng8 28.
Qh8 Ke7 29. Nxd2 Qxd2 30. Qg7 Nd4 31. Bg2 Bxg2 32. Kxg2 Qf4 33. Nf6 Nf5 34.
Nxg8+ Rxg8 35. Qf6+ Ke8 36. g6 Qg4+ 37. Kf1 Qh3+ 38. Ke2 Qxh5+ 39. Kd2 Rxg6 0-1

[Event "FIDE World Rapid Team"]
[Site "Almaty KAZ"]
[Date "2024.08.03"]
[Round "7.24"]
[White "Sholpanbek, Zhansaya"]
[Black "Bozhgulova, Zaynabkhan"]
[Result "0-1"]
[WhiteElo "1752"]
[BlackElo "1605"]
[WhiteTeam "TKM Chess"]
[BlackTeam "Chess Dream"]
[WhiteFideId "13775111"]
[BlackFideId "13727443"]
[EventDate "2024.08.02"]

1. e4 Nf6 2. e5 Nd5 3. d4 d6 4. c4 Nb6 5. f4 dxe5 6. fxe5 Nc6 7. Nf3 Bg4 8. Be2
e6 9. Be3 Bxf3 10. gxf3 Be7 11. Nc3 Bh4+ 12. Kf1 Ne7 13. Qd2 Nf5 14. Rd1 Qe7 15.
Ne4 O-O-O 16. Nc5 f6 17. exf6 Bxf6 18. Qc3 Qxc5 19. dxc5 Rxd1+ 20. Bxd1 Bxc3 21.
cxb6 Nxe3+ 22. Ke2 Bd4 23. bxa7 Bxa7 24. Bb3 e5 25. Rc1 Bd4 26. c5 c6 27. Rg1 g6
28. Rg5 Re8 0-1

[Event "FIDE World Rapid Team"]
[Site "Almaty KAZ"]
[Date "2024.08.03"]
[Round "7.25"]
[White "Altynbekuly, Madiyar"]
[Black "Ten, Viktor"]
[Result "1-0"]
[WhiteElo "2114"]
[BlackElo "2236"]
[WhiteTeam "KRG-Team"]
[BlackTeam "Chess Mates"]
[WhiteFideId "13736264"]
[BlackFideId "13700820"]
[EventDate "2024.08.02"]

1. d4 e6 2. Bf4 f5 3. e3 Nf6 4. Nf3 b6 5. Be2 Bb7 6. O-O Be7 7. c4 O-O 8. Nc3
Nh5 9. d5 Nxf4 10. exf4 Bf6 11. Nd4 Na6 12. dxe6 Bxd4 13. Qxd4 dxe6 14. Qe3 Qf6
15. Bf3 Bxf3 16. Qxf3 Nc5 17. b4 Nd7 18. Rad1 Rad8 19. Nb5 e5 20. Nxc7 e4 21.
Qa3 Qc6 22. Nd5 Qxc4 23. Qxa7 b5 24. Ne7+ Kh8 25. Rxd7 1-0

[Event "FIDE World Rapid Team"]
[Site "Almaty KAZ"]
[Date "2024.08.03"]
[Round "7.26"]
[White "Bolat, Inayat"]
[Black "Kozhabekov, Adilkhan"]
[Result "1-0"]
[WhiteTitle "FM"]
[WhiteElo "2264"]
[BlackElo "1855"]
[WhiteTeam "Chess Mates"]
[BlackTeam "KRG-Team"]
[WhiteFideId "13733125"]
[BlackFideId "13702858"]
[EventDate "2024.08.02"]

1. e4 c5 2. Nf3 d6 3. d4 cxd4 4. Nxd4 Nf6 5. Nc3 a6 6. h3 e5 7. Nf3 Be6 8. g4
Nc6 9. g5 Nd7 10. Be3 Qc7 11. Qd2 Na5 12. O-O-O Be7 13. h4 Nc4 14. Bxc4 Qxc4 15.
Rdg1 b5 16. Kb1 Rc8 17. g6 f6 18. gxh7 Rxh7 19. h5 b4 20. Nd5 Qxe4 21. Nxe7 Kxe7
22. Nh4 Nf8 23. Rd1 d5 24. f3 Qc4 25. b3 Qc3 26. Qe2 a5 27. Bc1 a4 28. Bb2 Qc5
29. f4 a3 30. Ba1 Bg4 31. Qg2 Bxd1 32. Rxd1 e4 33. Bd4 Qc6 34. Nf5+ Kf7 35. Rg1
Rc7 36. Nxg7 Ke7 37. Nf5+ Kd8 38. Ne3 Rxh5 39. Qg8 Qd6 40. Qg4 Rhh7 41. Rd1 Rcd7
42. Qf5 Rhf7 43. Nxd5 Qxd5 44. Bb6+ Ke8 45. Rxd5 Rxd5 46. Qxd5 Re7 47. Bc5 1-0

[Event "FIDE World Rapid Team"]
[Site "Almaty KAZ"]
[Date "2024.08.03"]
[Round "7.27"]
[White "Savitskiy, Vladimir"]
[Black "Skak, Abuali"]
[Result "0-1"]
[WhiteElo "1893"]
[BlackElo "1969"]
[WhiteTeam "KRG-Team"]
[BlackTeam "Chess Mates"]
[WhiteFideId "13739999"]
[BlackFideId "13739026"]
[EventDate "2024.08.02"]

1. d4 Nf6 2. c4 e6 3. Nf3 d5 4. Nc3 Bb4 5. cxd5 exd5 6. Bf4 O-O 7. e3 Bf5 8. Be2
c6 9. O-O h6 10. h3 Bd6 11. Ne5 a5 12. Rc1 Na6 13. Bd3 Bxd3 14. Qxd3 Nc7 15. Bh2
Qe7 16. Na4 Ne6 17. f4 Ne4 18. Nc3 Nxc3 19. bxc3 Bxe5 20. fxe5 Ng5 21. c4 Ne4
22. c5 f6 23. Qe2 fxe5 24. Bxe5 Rxf1+ 25. Rxf1 Rf8 26. Rxf8+ Qxf8 27. Qg4 Qf7
28. Kh2 Kh7 29. a3 Nd2 30. Qe2 Nc4 31. Qd3+ Qg6 32. Qb3 Qf7 33. Bf4 Kg8 34. a4
Qe7 35. Qd3 Qe4 36. Qb3 g5 37. Bg3 Nxe3 38. Qb2 Nf1+ 39. Kg1 Nxg3 40. Qxb7 Ne2+
41. Kf2 Nxd4 42. Qc8+ Kf7 43. Qh8 Qf4+ 44. Kg1 Ne2+ 45. Kh1 Qc1+ 0-1

[Event "FIDE World Rapid Team"]
[Site "Almaty KAZ"]
[Date "2024.08.03"]
[Round "7.28"]
[White "Akhmediyar, Yernur"]
[Black "Kazhiakhmetova, Yerkenaz"]
[Result "0-1"]
[WhiteElo "1853"]
[BlackElo "1602"]
[WhiteTeam "Chess Mates"]
[BlackTeam "KRG-Team"]
[WhiteFideId "13732129"]
[BlackFideId "13777610"]
[EventDate "2024.08.02"]

1. c4 Nf6 2. Nc3 g6 3. g3 Bg7 4. Bg2 O-O 5. d3 c6 6. e4 d6 7. Nge2 e5 8. O-O Be6
9. f4 Qb6+ 10. Kh1 Ng4 11. Qe1 f5 12. h3 Nf6 13. Rb1 fxe4 14. fxe5 dxe5 15. dxe4
Bxc4 16. b3 Be6 17. Na4 Qc7 18. Nc5 Bf7 19. Bg5 Nbd7 20. Qc3 Nxc5 21. Qxc5 Nd7
22. Qc2 h6 23. Be3 Be6 24. Kh2 Kh7 25. b4 Rxf1 26. Rxf1 Qd6 27. a3 a5 28. Rd1
Qe7 29. Bd2 axb4 30. axb4 Nb6 31. Be3 Ra2 32. Qc5 Qxc5 33. Bxc5 Nd7 34. Nc1 Ra4
35. Nd3 b6 36. Bd6 Ra3 37. Ne1 Rc3 38. Nf3 Bf6 39. Bf1 Rxf3 40. Ba6 Rf2+ 41. Kg1
Ra2 42. Bc8 Ra7 43. g4 Kg7 44. Rc1 c5 45. bxc5 bxc5 46. Bxd7 Rxd7 47. Bxc5 Bg5
48. Ra1 Bf4 49. Kg2 h5 50. gxh5 gxh5 51. Ra6 Rd2+ 52. Kf1 Bc4+ 53. Ke1 Bxa6 0-1

[Event "FIDE World Rapid Team"]
[Site "Almaty KAZ"]
[Date "2024.08.03"]
[Round "7.29"]
[White "Magzumov, Damirali"]
[Black "Muratova, Anel"]
[Result "0-1"]
[WhiteElo "1756"]
[BlackElo "1892"]
[WhiteTeam "KRG-Team"]
[BlackTeam "Chess Mates"]
[WhiteFideId "13727117"]
[BlackFideId "13707205"]
[EventDate "2024.08.02"]

1. e4 c5 2. Nf3 d6 3. d4 cxd4 4. Nxd4 Nf6 5. Nc3 g6 6. Be3 Bg7 7. f3 Nc6 8. Qd2
O-O 9. Bc4 Bd7 10. h4 Ne5 11. Bb3 h5 12. O-O-O Rc8 13. g4 Nc4 14. Bxc4 Rxc4 15.
g5 Nh7 16. f4 Qa5 17. f5 Rfc8 18. fxg6 fxg6 19. Kb1 Nf8 20. Nd5 Qd8 21. Rc1 Ne6
22. Nxe6 Bxe6 23. Rhf1 Rxe4 24. Nf4 Bf7 25. Nxh5 Bc3 26. bxc3 Bxa2+ 27. Kb2 Qa5
28. Ra1 Qb5+ 29. Kc1 Qxf1+ 30. Kb2 Qb5+ 31. Kc1 Rf8 32. Nf4 Rexf4 33. Bxf4 Be6
34. Qe3 Bd7 35. Kd2 Qd5+ 36. Kc1 Qc4 37. Kd2 Qxf4 38. Rxa7 Qxe3+ 39. Kxe3 Bc6
40. c4 Rf3+ 41. Ke2 Rh3 0-1

[Event "FIDE World Rapid Team"]
[Site "Almaty KAZ"]
[Date "2024.08.03"]
[Round "7.30"]
[White "Muratova, Saltanat"]
[Black "Amangeldinov, Alkey"]
[Result "1/2-1/2"]
[WhiteElo "1845"]
[BlackElo "1721"]
[WhiteTeam "Chess Mates"]
[BlackTeam "KRG-Team"]
[WhiteFideId "13705776"]
[BlackFideId "13770268"]
[EventDate "2024.08.02"]

1. e4 c6 2. Nc3 d5 3. Nf3 Bg4 4. h3 Bxf3 5. Qxf3 Nf6 6. exd5 cxd5 7. d4 Nc6 8.
Be3 e6 9. a3 Rc8 10. g4 Qa5 11. Bd3 Bb4 12. Kd2 Bxc3+ 13. bxc3 e5 14. Bf5 Rc7
15. Rhe1 O-O 16. dxe5 Nxe5 17. Qg3 Qxc3+ 18. Ke2 Ne4 19. Bxe4 dxe4 20. Kf1 Nf3
21. Red1 Rd7 22. Rdc1 Rfd8 23. Kg2 g6 24. Rab1 b6 25. Qf4 Qe5 26. Qxe5 Nxe5 27.
Rb4 f5 28. Bg5 Rc8 29. Bf4 Nf3 30. Rb5 Nd4 31. Re5 Nf3 32. Re6 Kf7 33. gxf5 gxf5
34. Rh6 Rg8+ 35. Kh1 Rg7 36. c4 Rd8 37. Rc6 Rdg8 38. Bg3 f4 39. Rc7+ Ke6 40.
Rxg7 Rxg7 41. Bxf4 Kf5 42. Bg3 h5 43. h4 e3 44. Kg2 Nxh4+ 45. Kh3 Nf3 46. fxe3
h4 47. Bf4 Ke4 48. c5 bxc5 49. Rxc5 Rg1 50. Ra5 Rh1+ 51. Kg4 Rg1+ 52. Kh3 Rh1+
53. Kg4 Rg1+ 54. Kh3 Rh1+ 55. Kg4 Rg1+ 56. Kh3 Rg7 57. Ra6 Rg1 1/2-1/2

[Event "FIDE World Rapid Team"]
[Site "Almaty KAZ"]
[Date "2024.08.03"]
[Round "7.31"]
[White "Beristenov, Kair"]
[Black "Tuleyeva-Aketayeva, Dana"]
[Result "1-0"]
[BlackTitle "WIM"]
[WhiteElo "1995"]
[BlackElo "2130"]
[WhiteTeam "Future GM"]
[BlackTeam "Abai Chess Team"]
[WhiteFideId "13777831"]
[BlackFideId "13701932"]
[EventDate "2024.08.02"]

1. e4 c5 2. Nf3 Nc6 3. Bb5 g6 4. O-O Bg7 5. Re1 e6 6. Bxc6 bxc6 7. e5 d5 8. exd6
Qxd6 9. d3 Nf6 10. Nbd2 Ba6 11. Ne5 O-O 12. Ndc4 Qd5 13. b3 Nh5 14. Bb2 f6 15.
Nf3 e5 16. Qe2 Nf4 17. Qe4 Rfd8 18. Ne3 Qd6 19. Qa4 Bc8 20. Qa5 Be6 21. Nd2 Bf8
22. Ne4 Qe7 23. Ba3 Bd5 24. Bxc5 Qf7 25. Bxf8 Rxf8 26. f3 Qe7 27. Nf2 Qd7 28.
Nxd5 cxd5 29. d4 Qf5 30. dxe5 fxe5 31. g3 Ng2 32. Qxd5+ Kg7 33. Kxg2 1-0

[Event "FIDE World Rapid Team"]
[Site "Almaty KAZ"]
[Date "2024.08.03"]
[Round "7.32"]
[White "Akylbek, Zhaksylyk"]
[Black "Borumbayev, Adil"]
[Result "1/2-1/2"]
[WhiteElo "1662"]
[BlackElo "1848"]
[WhiteTeam "Abai Chess Team"]
[BlackTeam "Future GM"]
[WhiteFideId "13725980"]
[BlackFideId "13747932"]
[EventDate "2024.08.02"]

1. d4 Nf6 2. c3 g6 3. Nd2 d5 4. e3 Bg7 5. f4 O-O 6. Ngf3 Ng4 7. Qe2 f6 8. h3 Nh6
9. g4 e5 10. Bg2 exf4 11. e4 dxe4 12. Nxe4 Re8 13. Bxf4 Be6 14. O-O Nc6 15. Qd2
Nf7 16. Nc5 Bc4 17. Rfe1 b6 18. Nh2 Rxe1+ 19. Rxe1 Bd5 20. Nb7 Qd7 21. Bxd5 Qxd5
22. c4 Qd7 23. d5 Nce5 24. c5 Re8 25. c6 Qe7 26. b4 Nd6 27. Nxd6 Qxd6 28. Bxe5
fxe5 29. Nf1 Rd8 30. Rd1 Rf8 31. Ng3 Rf4 32. a3 e4 33. Qe2 Qe5 34. d6 cxd6 35.
c7 Rf8 36. Kg2 d5 37. Qa2 Qxc7 38. Qxd5+ Kh8 39. Qxe4 Qc3 40. Qd3 Qb2+ 41. Rd2
Qe5 42. Qe4 Qc3 43. Qd3 Qc1 44. Rd1 Qc6+ 45. Qd5 Qf6 46. Rd2 Bh6 47. Re2 Bf4 48.
Rf2 Qh4 49. Qd4+ Qf6 50. Qd5 Kg7 51. Nf5+ gxf5 52. Rxf4 Qb2+ 53. Rf2 Qc3 54.
gxf5 Rf6 55. Qd7+ Rf7 56. f6+ Kg6 57. Qg4+ Kh6 58. Qf4+ Kg6 59. Qf5+ Kh6 60. h4
Qc6+ 61. Rf3 Qc1 62. a4 Qd2+ 63. Rf2 Qe3 64. a5 bxa5 65. bxa5 Qc1 66. Rf4 Qd2+
67. Kf3 Qd1+ 68. Ke4 Qe1+ 69. Kd4 Qd2+ 70. Ke5 Qxa5+ 71. Ke6 Qa2+ 72. Kd6 Qa6+
73. Ke5 Qb5+ 74. Ke6 Qd7+ 75. Ke5 Qb5+ 76. Ke6 Qd7+ 77. Ke5 Qb5+ 78. Ke4 Qb1+
79. Kd5 1/2-1/2

[Event "FIDE World Rapid Team"]
[Site "Almaty KAZ"]
[Date "2024.08.03"]
[Round "7.33"]
[White "Zeynyshev, Elnur"]
[Black "Abuzyarov, Arlan"]
[Result "0-1"]
[WhiteElo "1812"]
[BlackElo "1851"]
[WhiteTeam "Future GM"]
[BlackTeam "Abai Chess Team"]
[WhiteFideId "13719386"]
[BlackFideId "13726820"]
[EventDate "2024.08.02"]

1. e4 c6 2. d4 d6 3. Nc3 Nf6 4. f3 Qb6 5. Bc4 e5 6. Nge2 Be7 7. Bb3 O-O 8. Be3
Qc7 9. a4 a5 10. Qd2 Na6 11. g4 Be6 12. g5 Ne8 13. d5 cxd5 14. Nxd5 Bxd5 15.
Qxd5 Rc8 16. Qd2 Nc5 17. Bxc5 dxc5 18. Bd5 Qd8 19. h4 Nc7 20. Nc3 Ne6 21. Ne2
Nd4 22. Kf2 Qb6 23. b3 c4 24. Nxd4 Bc5 25. Kg2 Bxd4 26. Rad1 cxb3 27. Bxb3 Rc3
28. h5 Rfc8 29. g6 hxg6 30. h6 Qf6 31. hxg7 Be3 32. Qe2 Qg5+ 33. Kf1 Bd4 34. Qg2
Qf4 35. Rh8+ Kxg7 36. Rxc8 Rxc8 37. Rd3 Rh8 38. Ke1 Qc1+ 39. Rd1 Qe3+ 40. Kf1
Rh3 41. Rd3 Rh1+ 0-1